[Event "Elit(Eksjo-Kungstornet)"]
[Site "?"]
[Date "2017.01.14"]
[Round "4"]
[White "Andersson, Fredrik"]
[Black "Gustafsson, Fredrik"]
[Result "1-0"]
[WhiteElo "2259"]
[BlackElo "2122"]
[PlyCount "76"]

1. d4 Nf6 2. c4 g6 3. Nc3 d5 4. cxd5 Nxd5 5. e4 Nxc3 6. bxc3 Bg7 7. Bg5 c5 8.
Rc1 h6 9. Be3 Qa5 10. Qd2 cxd4 11. cxd4 Qxd2+ 12. Kxd2 O-O 13. Bd3 Nc6 14. Ne2
e6 15. Rc4 Bd7 16. Rb1 b6 17. Rbc1 Rac8 18. e5 Rfd8 19. Be4 Na5 20. Rc7 Rxc7
21. Rxc7 a6 22. Kc3 b5 23. Nc1 Nc4 24. Nd3 Rc8 25. Rxc8+ Bxc8 26. Nc5 Bf8 27.
a4 Nxe3 28. fxe3 bxa4 29. Bc6 Bxc5 30. dxc5 Kf8 31. Bxa4 Ke7 32. Kb4 f6 33. Ka5
fxe5 34. Kb6 Kd8 35. e4 g5 36. g4 a5 37. Bb5 Bd7 38. c6 Bc8 1-0

[Event "Elit(Eksjo-Kungstornet)"]
[Site "?"]
[Date "2017.01.14"]
[Round "4"]
[White "Vernersson, Per"]
[Black "Holmqvist, Gunnar"]
[Result "1/2-1/2"]
[WhiteElo "2293"]
[BlackElo "2184"]
[PlyCount "110"]

1. d4 Nf6 2. c4 e6 3. g3 Bb4+ 4. Bd2 Be7 5. Nc3 d5 6. Nf3 O-O 7. c5 Nc6 8. a3
e5 9. dxe5 Ng4 10. b4 d4 11. Na4 Ngxe5 12. Nxe5 Nxe5 13. Bg2 c6 14. O-O Bg4 15.
h3 Be6 16. Nb2 Qd7 17. Kh2 Bd5 18. Bf4 Bxg2 19. Kxg2 Ng6 20. Nd3 Bg5 21. Bd6
Be7 22. Bf4 Bg5 23. Bxg5 Qd5+ 24. Kh2 Qxg5 25. Qc1 Qd5 26. Qc2 Rfe8 27. Rad1
Qe4 28. Rd2 h5 29. Nc1 h4 30. Qxe4 hxg3+ 31. Kxg3 Rxe4 32. Rfd1 Nh4 33. Nb3
Nf5+ 34. Kg2 Rae8 35. Kf1 Rf4 36. Kg1 Rfe4 37. Kf1 Rf4 38. Ke1 Nh4 39. Kf1 Nf5
40. Kg1 Rfe4 41. Nc1 R8e6 42. Nb3 Rg6+ 43. Kh2 Rge6 44. Nxd4 Nxd4 45. Rxd4 Rxe2
46. Rd8+ Kh7 47. R1d2 R2e4 48. R8d7 Re7 49. R2d6 f6 50. Kg2 Kg6 51. Kf3 R4e5
52. Rd3 Rf5+ 53. Kg2 Rg5+ 54. Kf3 Rf5+ 55. Kg2 Rg5+ 1/2-1/2

[Event "Elit(LASK-Malmo)"]
[Site "?"]
[Date "2017.01.14"]
[Round "4"]
[White "Jobava, Baadur"]
[Black "Smith, Axel"]
[Result "1-0"]
[WhiteElo "2701"]
[BlackElo "2511"]
[PlyCount "81"]

1. f4 d5 2. Nf3 c5 3. e3 e6 4. b3 Bd6 5. Bb2 f6 6. Nc3 Nc6 7. g3 Nge7 8. Bg2
O-O 9. O-O a6 10. d3 b5 11. a4 b4 12. Ne2 Qb6 13. Rf2 Bd7 14. Nd2 Nf5 15. Nf1
d4 16. e4 Nh6 17. h3 Rae8 18. Nd2 Qd8 19. Qf1 g5 20. Bc1 Nf7 21. e5 fxe5 22.
fxg5 Nxg5 23. h4 Rxf2 24. Qxf2 Rf8 25. Qe1 Nf7 26. g4 Ne7 27. Ne4 Nd5 28. g5
Be7 29. Qg3 Nh8 30. h5 Nf4 31. Nxf4 exf4 32. Bxf4 Rf5 33. Nf6+ Kg7 34. Be4 Rxf4
35. h6+ Kf7 36. Qxf4 Bxf6 37. Rf1 Kg8 38. Qxf6 Qxf6 39. Rxf6 a5 40. Kf2 Bc8 41.
Kg3 1-0

[Event "Elit(LASK-Malmo)"]
[Site "?"]
[Date "2017.01.14"]
[Round "4"]
[White "Andersson, Ulf"]
[Black "Semcesen, Daniel"]
[Result "1/2-1/2"]
[WhiteElo "2516"]
[BlackElo "2470"]
[PlyCount "41"]

1. d4 d5 2. Nf3 Nf6 3. c4 c6 4. Qc2 dxc4 5. Qxc4 Bg4 6. Nbd2 Nbd7 7. g3 e6 8.
Bg2 Be7 9. O-O O-O 10. Nb3 Nb6 11. Qc2 Bf5 12. Qd1 h6 13. Ne5 a5 14. a4 Nbd5
15. f3 Bh7 16. e4 Nb4 17. Be3 Nd7 18. Nd3 Nxd3 19. Qxd3 Nc5 20. Qc3 Nxb3 21.
Qxb3 1/2-1/2

[Event "Elit(LASK-Malmo)"]
[Site "?"]
[Date "2017.01.14"]
[Round "4"]
[White "Tikkanen, Hans"]
[Black "Hillarp Persson, Tiger"]
[Result "1-0"]
[WhiteElo "2518"]
[BlackElo "2505"]
[PlyCount "51"]

1. e4 c5 2. Nf3 d6 3. Bb5+ Nd7 4. O-O a6 5. Bd3 Ngf6 6. Re1 b5 7. c4 Rb8 8. a3
Ne5 9. Nxe5 dxe5 10. Qe2 b4 11. axb4 Rxb4 12. Bc2 e6 13. Ba4+ Nd7 14. Ra3 Be7
15. Bxd7+ Qxd7 16. Rh3 g6 17. d3 O-O 18. Qc2 Qb7 19. Nc3 Bd7 20. Qd2 h5 21. Qh6
Rc8 22. Rg3 Bh4 23. Bg5 Bxg5 24. Rxg5 Rxb2 25. h4 Be8 26. Rxh5 1-0

[Event "Elit(LASK-Malmo)"]
[Site "?"]
[Date "2017.01.14"]
[Round "4"]
[White "Gajic, Mladen"]
[Black "Ahlander, Bjorn"]
[Result "1/2-1/2"]
[WhiteElo "2364"]
[BlackElo "2418"]
[PlyCount "72"]

1. e4 c5 2. c3 d6 3. d4 Nf6 4. f3 Nc6 5. Be3 g6 6. Qd2 cxd4 7. cxd4 Bg7 8. Nc3
O-O 9. O-O-O Bd7 10. Kb1 Rc8 11. Rc1 Na5 12. g4 Nc4 13. Bxc4 Rxc4 14. Nge2 b5
15. Ng3 e6 16. h4 Qb8 17. Bh6 b4 18. Nce2 Rxc1+ 19. Nxc1 Bxh6 20. Qxh6 Rc8 21.
h5 Qc7 22. Qd2 a5 23. hxg6 fxg6 24. g5 Ne8 25. Nd3 Ba4 26. Rc1 Qd7 27. Rxc8
Qxc8 28. e5 Bb5 29. Ne4 Qc4 30. Nc1 d5 31. Nf6+ Nxf6 32. gxf6 a4 33. Qh6 Qc7
34. Qd2 Qc4 35. Qh6 Qc7 36. Qd2 Qc4 1/2-1/2

[Event "Elit(LASK-Malmo)"]
[Site "?"]
[Date "2017.01.14"]
[Round "4"]
[White "Hall, Jesper"]
[Black "Agrest, Inna"]
[Result "1-0"]
[WhiteElo "2498"]
[BlackElo "2273"]
[PlyCount "83"]

1. e4 e5 2. Nf3 Nc6 3. Bb5 a6 4. Ba4 Nf6 5. Qe2 b5 6. Bb3 Bc5 7. a4 Rb8 8. axb5
axb5 9. Nc3 O-O 10. O-O d6 11. h3 Ne7 12. Nxb5 Ng6 13. Nc3 Nf4 14. Qd1 Bxh3 15.
d4 Nxg2 16. dxc5 Qd7 17. Nxe5 dxe5 18. Qxd7 Nxd7 19. Kh2 Nf4 20. Rd1 Nxc5 21.
Bxf4 Bg4 22. Rg1 h5 23. Bxe5 Nxb3 24. cxb3 Rxb3 25. Ra2 f6 26. Bxc7 Re8 27. Rg3
Rb7 28. Bf4 Kf7 29. Rd3 g5 30. Bc1 Be6 31. Ra5 h4 32. e5 f5 33. Nb5 Kg6 34. Nd6
Rd7 35. Nxe8 Rxd3 36. Ra6 Kf7 37. Nc7 Bc4 38. Rf6+ Ke7 39. Bxg5 Kd7 40. Na8 Bb3
41. Nb6+ Kc7 42. Be3 1-0

[Event "Elit(LASK-Malmo)"]
[Site "?"]
[Date "2017.01.14"]
[Round "4"]
[White "Lindahl, Jonas"]
[Black "Kucuksari, Kaan"]
[Result "1-0"]
[WhiteElo "2105"]
[BlackElo "2321"]
[PlyCount "205"]

1. b3 e5 2. Bb2 Nc6 3. e3 Nf6 4. Bb5 Bd6 5. Na3 e4 6. Nc4 Be7 7. Bxc6 bxc6 8.
Ne2 O-O 9. Nd4 Ne8 10. O-O c5 11. Ne2 d5 12. Na3 Bg4 13. h3 Bh5 14. Qe1 f5 15.
d3 Bf6 16. Bxf6 Qxf6 17. Nf4 Bf7 18. dxe4 fxe4 19. Rd1 Qa6 20. Nb1 Nf6 21. Qc3
Qb6 22. Qb2 Rad8 23. Nc3 c6 24. Na4 Qb5 25. Rd2 Rb8 26. Qa3 Qb4 27. Qxb4 cxb4
28. Rc1 Rfc8 29. c3 c5 30. Ne2 c4 31. cxb4 Rxb4 32. Nd4 Kf8 33. Nb2 Nd7 34. f4
Nc5 35. Kf2 Rb6 36. Ke2 Nd3 37. Rc3 Rbb8 38. Kd1 a5 39. Nf5 Be6 40. Nd4 Bd7 41.
Nxd3 exd3 42. Ke1 a4 43. Rd1 axb3 44. axb3 Ra8 45. Rd2 Ra3 46. Kf2 Rb8 47. Rc1
cxb3 48. Rb1 Ke7 49. Rbb2 Rc8 50. Nxb3 Rc2 51. Nd4 Rxd2+ 52. Rxd2 Kd6 53. Rb2
Kc5 54. Ke1 Kc4 55. Kd2 Ba4 56. Nf3 d4 57. exd4 Bc2 58. Ne1 Kxd4 59. Rxc2 dxc2
60. Nxc2+ Ke4 61. Nxa3 Kxf4 62. Ke2 Kg3 63. Kf1 g5 64. Kg1 g4 65. hxg4 Kxg4 66.
Kh2 Kh4 67. Nc2 Kg4 68. Ne1 Kh4 69. g3+ Kg4 70. Kg2 Kg5 71. Kh3 Kh5 72. Nf3 Kh6
73. Kh4 Kg6 74. g4 Kh6 75. g5+ Kg6 76. Ne5+ Kf5 77. Ng4 Kg6 78. Nh6 Kg7 79. Kh5
Kh8 80. Nf5 Kg8 81. Kh6 Kh8 82. Nd6 Kg8 83. Kh5 Kg7 84. Kg4 Kg6 85. Nf5 Kf7 86.
Nh6+ Kg6 87. Kf4 Kg7 88. Kf5 Kh8 89. Nf7+ Kg7 90. Ke6 Kg6 91. Ke7 Kg7 92. Ne5
Kg8 93. Kf6 Kf8 94. Ng4 Kg8 95. Ke6 Kg7 96. Kf5 Kf7 97. Nf6 Kg7 98. Nxh7 Kf7
99. Nf6 Kg7 100. Nh5+ Kf7 101. g6+ Kg8 102. Kg5 Kh8 103. Kh6 1-0

[Event "Elit(LASK-Malmo)"]
[Site "?"]
[Date "2017.01.14"]
[Round "4"]
[White "Mauritsson, Sebastian"]
[Black "Johansson, Thomas"]
[Result "0-1"]
[WhiteElo "2317"]
[BlackElo "2162"]
[PlyCount "66"]

1. e4 d6 2. d4 Nf6 3. Nc3 e5 4. dxe5 dxe5 5. Qxd8+ Kxd8 6. Bg5 c6 7. O-O-O+ Ke8
8. f4 h6 9. Bxf6 gxf6 10. fxe5 fxe5 11. Bc4 Be7 12. Nf3 Bf6 13. Rhf1 Rf8 14.
Ne2 b5 15. Bb3 Bg4 16. h3 Bh5 17. Ng3 Bg6 18. Rd6 Be7 19. Rd2 Nd7 20. Kd1 Rd8
21. Ke2 Rg8 22. Kd1 Bh7 23. Nf5 Bxf5 24. exf5 e4 25. Nd4 e3 26. Rd3 Ne5 27. f6
Bc5 28. Nf5 Nxd3 29. Ng7+ Kf8 30. cxd3 Rxd3+ 31. Ke1 Rd2 32. Rf5 Bd4 33. g4 Rf2
0-1

[Event "Elit(Farsta-Rockaden,Sthlm)"]
[Site "?"]
[Date "2017.01.14"]
[Round "4"]
[White "Socko, Bartosz"]
[Black "Ernst, Thomas"]
[Result "0-1"]
[WhiteElo "2615"]
[BlackElo "2369"]
[PlyCount "152"]
[SourceDate "2017.02.04"]

1. e4 e5 2. Nf3 Nc6 3. d4 exd4 4. Bc4 Nf6 5. e5 d5 6. Bb5 Ne4 7. Nxd4 Bd7 8.
Bxc6 bxc6 9. O-O Bc5 10. f3 Ng5 11. f4 Ne4 12. Be3 O-O 13. Nd2 Nxd2 14. Qxd2 f6
15. Nb3 Bb6 16. Bc5 fxe5 17. fxe5 Qh4 18. Kh1 Rxf1+ 19. Rxf1 Re8 20. Qe3 h6 21.
Qf3 Qg4 22. Qf7+ Kh7 23. h3 Qe6 24. Bxb6 cxb6 25. Nd4 Qe7 26. b4 c5 27. bxc5
bxc5 28. Nb3 Bb5 29. Qf5+ Kg8 30. Re1 Bd7 31. Qg6 d4 32. Kh2 Bb5 33. Kg1 Rd8
34. e6 c4 35. Nd2 c3 36. Nb3 d3 37. cxd3 Bxd3 38. Qg4 c2 39. Qf4 Bg6 40. Qg4
Kh7 41. Kh1 Rd5 42. Qe2 Qb4 43. Kg1 Kg8 44. Rf1 Qc3 45. Re1 Qxe1+ 46. Qxe1 Rd1
47. Kf2 Rxe1 48. Kxe1 Be4 49. g3 Bf5 50. Kd2 Bxe6 51. Kxc2 Bxh3 52. Nd4 Bd7 53.
Kd3 Kf7 54. Ke4 Kf6 55. Kf4 g5+ 56. Ke4 h5 57. a3 Bc8 58. Ke3 Bb7 59. Nb5 a6
60. Nd6 Bc6 61. Nc4 Kf5 62. Nd6+ Ke5 63. Nf7+ Kf6 64. Nd6 Ke6 65. Nc4 Kd5 66.
Nb2 a5 67. Nd3 Bd7 68. Ne1 Kc4 69. Nf3 Kb3 70. Nxg5 Kxa3 71. Ne4 a4 72. Nd6 Kb3
73. Ne4 a3 74. Nc5+ Kc2 75. Nd3 Bf5 76. Nb4+ Kb3 0-1

[Event "Elit(Farsta-Rockaden,Sthlm)"]
[Site "?"]
[Date "2017.01.14"]
[Round "4"]
[White "Sammalvuo, Tapani"]
[Black "Barkhagen, Jonas"]
[Result "1-0"]
[WhiteElo "2437"]
[BlackElo "2426"]
[PlyCount "73"]

1. d4 d5 2. c4 c6 3. Nf3 Nf6 4. Nc3 e6 5. e3 Nbd7 6. Bd3 Bd6 7. e4 dxe4 8. Nxe4
Nxe4 9. Bxe4 O-O 10. O-O h6 11. Bc2 c5 12. Qd3 Nf6 13. dxc5 Bxc5 14. Qc3 b6 15.
b4 Be7 16. Bf4 Bb7 17. Rad1 Qe8 18. Ne5 Rd8 19. a3 Rxd1 20. Rxd1 Qa8 21. Nd7
Rd8 22. Bxh6 Bxg2 23. Bxg7 Rxd7 24. Bxf6 Rxd1+ 25. Bxd1 Bxf6 26. Qxf6 Be4 27.
h4 Qc6 28. Qd8+ Kh7 29. Qe7 Qxc4 30. Qxf7+ Kh8 31. Qf4 Kh7 32. h5 Qd4 33. Bg4
e5 34. Bf5+ Bxf5 35. Qxf5+ Kh8 36. Qf6+ Kg8 37. h6 1-0

[Event "Elit(Farsta-Rockaden,Sthlm)"]
[Site "?"]
[Date "2017.01.14"]
[Round "4"]
[White "Engqvist, Thomas"]
[Black "Livner, Anders"]
[Result "1/2-1/2"]
[WhiteElo "2344"]
[BlackElo "2322"]
[PlyCount "112"]

1. Nf3 d5 2. e3 Nf6 3. b3 Bg4 4. Bb2 Nbd7 5. h3 Bh5 6. d3 e6 7. Be2 h6 8. c4 c6
9. Nbd2 Bc5 10. Qc2 Qe7 11. a3 a5 12. Qc3 b5 13. Nd4 Bxe2 14. Kxe2 Bxd4 15.
exd4 bxc4 16. dxc4 dxc4 17. bxc4 c5 18. a4 O-O 19. Ba3 Rfc8 20. Rhb1 Qd6 21.
dxc5 Qc6 22. Rb5 Qxg2 23. Qf3 Qxf3+ 24. Kxf3 Ne5+ 25. Ke3 Rd8 26. Rb3 Rac8 27.
Rc1 Nc6 28. Nf3 Rd7 29. Bb2 Rdc7 30. Rb5 Nd7 31. Nd2 Ne7 32. Ne4 Nxc5 33. Nxc5
Rxc5 34. Rxc5 Rxc5 35. Ba3 Re5+ 36. Kd2 Nc6 37. Rb1 Rf5 38. Ke3 Ne5 39. Rc1
Rf3+ 40. Ke4 Rxa3 41. Kxe5 Rxa4 42. Kd6 Kf8 43. c5 Rd4+ 44. Kc7 Ke7 45. c6 a4
46. Rc3 e5 47. Rc5 e4 48. Re5+ Kf6 49. Ra5 Rd2 50. Rxa4 Ke5 51. Rc4 Rxf2 52.
Kb7 Rb2+ 53. Ka7 Ra2+ 54. Kb7 Rb2+ 55. Ka7 Ra2+ 56. Kb7 Rb2+ 1/2-1/2

[Event "Elit(Farsta-Rockaden,Sthlm)"]
[Site "?"]
[Date "2017.01.14"]
[Round "4"]
[White "Backelin, Rikard"]
[Black "Bator, Robert"]
[Result "0-1"]
[WhiteElo "2337"]
[BlackElo "2401"]
[PlyCount "104"]

1. e4 c5 2. Nf3 Nc6 3. Bb5 g6 4. Bxc6 bxc6 5. O-O Bg7 6. Re1 Nf6 7. e5 Nd5 8.
c4 Nc7 9. d4 cxd4 10. Qxd4 d6 11. Nc3 Ne6 12. Qh4 dxe5 13. Nxe5 Qc7 14. Nf3 Bf6
15. Qe4 O-O 16. Be3 Rb8 17. Qc2 Bg7 18. Rad1 Qa5 19. Nd4 Nxd4 20. Bxd4 e5 21.
Be3 Bf5 22. Qc1 Rfd8 23. Rxd8+ Rxd8 24. Rd1 Bd3 25. b3 f5 26. Na4 f4 27. Bc5
Qc7 28. Nb2 e4 29. Nxd3 exd3 30. Qd2 Qf7 31. h3 Rd7 32. Re1 h5 33. f3 Qf5 34.
Bf2 Be5 35. h4 Qf6 36. Re4 Bc3 37. Qd1 d2 38. Re8+ Kh7 39. Re4 Qd6 40. Kf1 Qd3+
41. Kg1 Qd6 42. Kf1 a5 43. c5 Qf6 44. Ke2 Bb4 45. Kf1 Qc3 46. Rxf4 Qd3+ 47. Kg1
Re7 48. Re4 Rxe4 49. fxe4 Qxe4 50. Kf1 Qf4 51. g3 Qe4 52. a3 Qd3+ 0-1

[Event "Elit(Farsta-Rockaden,Sthlm)"]
[Site "?"]
[Date "2017.01.14"]
[Round "4"]
[White "Hedman, Erik"]
[Black "Wieweg, Johnny"]
[Result "1-0"]
[WhiteElo "2363"]
[BlackElo "2082"]
[PlyCount "81"]

1. d4 f5 2. g3 Nf6 3. Bg2 g6 4. Nf3 Bg7 5. O-O O-O 6. b3 d6 7. Bb2 Ne4 8. Nbd2
c5 9. Qc1 Nxd2 10. Qxd2 Nc6 11. Rad1 cxd4 12. Nxd4 Bd7 13. Nxc6 bxc6 14. Bxg7
Kxg7 15. Bxc6 Bxc6 16. Qc3+ Rf6 17. Qxc6 Rc8 18. Qa6 Rxc2 19. Qxa7 Rxe2 20.
Rfe1 Rxe1+ 21. Rxe1 Kf7 22. b4 d5 23. Qd4 f4 24. Rd1 e6 25. Rc1 g5 26. Qe5 Kg6
27. Rc7 fxg3 28. hxg3 Qf8 29. Qd4 h6 30. Qd3+ Kh5 31. Qe2+ Kg6 32. Qd3+ Kh5 33.
Qe2+ Kg6 34. b5 Qb4 35. Rc6 Qb1+ 36. Kg2 d4 37. Rc2 Qb4 38. Qe4+ Kg7 39. Rc7+
Rf7 40. Qe5+ Kg8 41. Qxe6 1-0

[Event "Elit(Farsta-Rockaden,Sthlm)"]
[Site "?"]
[Date "2017.01.14"]
[Round "4"]
[White "Ong, Kezli"]
[Black "Kenneskog, Theodor"]
[Result "1/2-1/2"]
[WhiteElo "2298"]
[BlackElo "2323"]
[PlyCount "75"]

1. e4 c5 2. Nf3 d6 3. Bb5+ Nd7 4. O-O a6 5. Bd3 Ngf6 6. c3 Ne5 7. Nxe5 dxe5 8.
Be2 e6 9. d3 Be7 10. a4 b6 11. Nd2 O-O 12. Nc4 Nd7 13. f4 exf4 14. Bxf4 Bg5 15.
Qd2 h6 16. Rf3 Bb7 17. Raf1 Bc6 18. Rg3 f6 19. Bxg5 fxg5 20. Rxf8+ Nxf8 21. e5
Ng6 22. d4 cxd4 23. cxd4 Bxa4 24. Nd6 Nf4 25. Bf1 Bb5 26. Bxb5 axb5 27. h3 Nh5
28. Rf3 Ra1+ 29. Rf1 Qa8 30. Rxa1 Qxa1+ 31. Kh2 Qf1 32. Qc3 Qf4+ 33. Kg1 Ng3
34. Qc8+ Kh7 35. Qc2+ Kg8 36. Qc8+ Kh7 37. Qc2+ Kg8 38. Qc8+ 1/2-1/2

[Event "Elit(Farsta-Rockaden,Sthlm)"]
[Site "?"]
[Date "2017.01.14"]
[Round "4"]
[White "Tuomainen, Felix"]
[Black "Lagerborg, Krister"]
[Result "1-0"]
[WhiteElo "2260"]
[BlackElo "2031"]
[PlyCount "57"]

1. d4 Nf6 2. c4 g6 3. Nc3 Bg7 4. e4 d6 5. Nf3 O-O 6. h3 e5 7. d5 Ne8 8. g4 a5
9. Rg1 Na6 10. Be3 f5 11. gxf5 gxf5 12. Bg5 Qd7 13. Nh4 f4 14. Nf5 Kh8 15. Be2
Bf6 16. Bh6 Rg8 17. Rxg8+ Kxg8 18. Bg4 Qd8 19. Bh5 Bxf5 20. exf5 Bg7 21. Qg4
Kf8 22. Bxg7+ Nxg7 23. Ne4 Nxh5 24. Qxh5 Kg8 25. O-O-O Kh8 26. Ng5 Qd7 27. Nf7+
Kg8 28. Rg1+ Kf8 29. Nh6 1-0

[Event "Elit(Farsta-Rockaden,Sthlm)"]
[Site "?"]
[Date "2017.01.14"]
[Round "4"]
[White "Hedin, Gunnar"]
[Black "Zadruzny, Nicolaj"]
[Result "1/2-1/2"]
[WhiteElo "2152"]
[BlackElo "2257"]
[PlyCount "90"]

1. f4 g6 2. Nf3 Bg7 3. d3 d5 4. g3 Nf6 5. Bg2 O-O 6. O-O c5 7. c3 Nc6 8. Na3
Rb8 9. Qe1 b5 10. Nc2 b4 11. cxb4 Nxb4 12. Nxb4 Rxb4 13. Ne5 Qd6 14. Rb1 Nd7
15. Nxd7 Bxd7 16. b3 e5 17. Bd2 Rb6 18. fxe5 Bxe5 19. Bf4 Re8 20. Qd2 Bg4 21.
e3 Qe6 22. Rbc1 d4 23. e4 Rb5 24. Rc4 Bg7 25. Rfc1 Bf8 26. Ra4 Qb6 27. h3 Bd7
28. Kh2 Rc8 29. Rc2 a5 30. Bh6 Be7 31. h4 Rb4 32. Rxb4 cxb4 33. Rxc8+ Bxc8 34.
Qc2 Qc5 35. Qxc5 Bxc5 36. Bh3 f5 37. exf5 gxf5 38. Bg2 Be6 39. Bc6 Kf7 40. Kg2
Ke7 41. Bf4 Bb6 42. Kf3 Kf6 43. Bg5+ Ke5 44. Bf4+ Kf6 45. Bg5+ Ke5 1/2-1/2

[Event "Elit(Limhamn-Manhem)"]
[Site "?"]
[Date "2017.02.05"]
[Round "4"]
[White "Akesson, Joel"]
[Black "Hector, Jonny"]
[Result "0-1"]
[WhiteElo "2312"]
[BlackElo "2499"]
[PlyCount "54"]
[SourceDate "2017.02.08"]

1. Nf3 d5 2. d4 Nf6 3. c4 c6 4. e3 Bf5 5. cxd5 cxd5 6. Qb3 Qc7 7. Bd2 e6 8.
Bb5+ Nc6 9. O-O Nd7 10. Rc1 Bd6 11. Bxc6 bxc6 12. Bb4 O-O 13. Nbd2 Rfc8 14.
Bxd6 Qxd6 15. Qc3 c5 16. Qa3 Qb6 17. dxc5 Rxc5 18. Rxc5 Nxc5 19. Nd4 Bg6 20. b3
Nd3 21. Qe7 Rc8 22. N2f3 h6 23. h3 Qb8 24. Qd7 Rc7 25. Nc6 Rxd7 26. Nxb8 Rc7
27. Ne1 a5 0-1

[Event "Elit(Limhamn-Manhem)"]
[Site "?"]
[Date "2017.02.05"]
[Round "4"]
[White "Jepson, Christian"]
[Black "Rozentalis, Eduardas"]
[Result "1/2-1/2"]
[WhiteElo "2427"]
[BlackElo "2577"]
[PlyCount "86"]

1. d4 Nf6 2. c4 e6 3. Nc3 Bb4 4. e3 d5 5. Nf3 O-O 6. Bd3 c5 7. O-O Nc6 8. a3
Bxc3 9. bxc3 Qa5 10. Bb2 Re8 11. h3 dxc4 12. Bxc4 b5 13. Bd3 c4 14. Bc2 e5 15.
e4 Qb6 16. Re1 Bb7 17. d5 Na5 18. Nh4 Bc8 19. Qf3 Bd7 20. Rad1 Nb3 21. g4 h6
22. Qg3 a5 23. Kh1 Qd6 24. Rg1 g5 25. Ng2 Kg7 26. Ne3 Rac8 27. Qf3 Rh8 28. Nf5+
Bxf5 29. Qxf5 a4 30. f4 Nd7 31. fxg5 hxg5 32. Qxg5+ Qg6 33. Qxg6+ fxg6 34. Rg3
Rcf8 35. Kg2 Rf4 36. Bc1 Nxc1 37. Rxc1 Rhf8 38. Kh2 Nc5 39. Rb1 Nb3 40. Rd1 Rf1
41. Rxf1 Rxf1 42. Rg1 Rxg1 43. Kxg1 g5 1/2-1/2

[Event "Elit(Limhamn-Manhem)"]
[Site "?"]
[Date "2017.02.05"]
[Round "4"]
[White "Al Hadarani, Hatim"]
[Black "Brynell, Stellan"]
[Result "0-1"]
[WhiteElo "2291"]
[BlackElo "2441"]
[PlyCount "76"]

1. d4 d5 2. Bg5 h6 3. Bh4 c6 4. Nc3 Nf6 5. Bxf6 exf6 6. e3 Bd6 7. Bd3 Be6 8.
Nge2 Qc7 9. Qd2 Nd7 10. Nf4 O-O-O 11. Nce2 Kb8 12. b4 Rhe8 13. h3 Nb6 14. a4
Qd7 15. Nh5 Bf8 16. b5 Nc4 17. Bxc4 dxc4 18. O-O Bd5 19. Rfb1 Be7 20. Nc3 g6
21. Nf4 g5 22. e4 Be6 23. bxc6 Qxc6 24. Nfe2 f5 25. d5 Qc8 26. Qc1 Bd7 27. e5
Bc5 28. Nb5 Rxe5 29. Nec3 f4 30. Qd2 f3 31. g3 Bxb5 32. Kh2 Bd7 33. Rb2 Bxh3
34. Rab1 b6 35. Rg1 Bg2 36. Rxg2 fxg2 37. Kxg2 Qf5 38. a5 g4 0-1

[Event "Elit(Limhamn-Manhem)"]
[Site "?"]
[Date "2017.02.05"]
[Round "4"]
[White "Lindgren, Philip"]
[Black "Welin, Mats"]
[Result "1-0"]
[WhiteElo "2421"]
[BlackElo "2356"]
[PlyCount "59"]

1. Nf3 Nf6 2. c4 e6 3. d4 d5 4. g3 Be7 5. Bg2 O-O 6. Qc2 c5 7. dxc5 Qa5+ 8.
Nbd2 Qxc5 9. a3 Qc7 10. O-O e5 11. b4 a5 12. Bb2 d4 13. e3 axb4 14. exd4 exd4
15. axb4 Rxa1 16. Bxa1 Bxb4 17. Nxd4 Re8 18. Nb5 Qe7 19. Nf3 h6 20. Nfd4 Qc5
21. Nb3 Qe7 22. N3d4 Qc5 23. Qa4 Nbd7 24. Nb3 Qe7 25. Na7 Nb6 26. Qb5 Nbd7 27.
Rd1 Qe2 28. Rf1 Bf8 29. Na5 Re5 30. Bxe5 1-0

[Event "Elit(Limhamn-Manhem)"]
[Site "?"]
[Date "2017.02.05"]
[Round "4"]
[White "Fendrich, David"]
[Black "Johansson, Linus"]
[Result "0-1"]
[WhiteElo "2256"]
[BlackElo "2408"]
[PlyCount "110"]

1. Nf3 Nf6 2. g3 d5 3. Bg2 c6 4. O-O Bg4 5. b3 Nbd7 6. Bb2 e6 7. c4 Bd6 8. Na3
O-O 9. Nc2 Bf5 10. Ne3 Bg6 11. d3 h6 12. Qd2 Re8 13. Rfc1 Bh7 14. cxd5 exd5 15.
Nd4 Bf8 16. b4 Ne5 17. h3 Rc8 18. Nb3 b6 19. Bd4 Ned7 20. Bc3 Ne5 21. Qb2 Bd6
22. Rd1 Ned7 23. Qd2 Qe7 24. Nd4 Qf8 25. Ndf5 Bb8 26. g4 Be5 27. Bxe5 Nxe5 28.
Qb2 Bxf5 29. Nxf5 g6 30. Ne3 Qd6 31. Rac1 b5 32. Qd4 h5 33. g5 Nh7 34. Rc2 Nf8
35. f4 Ned7 36. f5 Qg3 37. Nxd5 cxd5 38. Rxc8 Rxc8 39. Qxd5 Qe3+ 40. Kh1 Rc1
41. Rxc1 Qxc1+ 42. Kh2 Qf4+ 43. Kg1 Qxf5 44. Qxf5 gxf5 45. Bc6 a6 46. Kf2 Nb8
47. Bb7 h4 48. Bc8 Ne6 49. g6 Kg7 50. gxf7 Kxf7 51. e4 fxe4 52. dxe4 Nd4 53.
Ke3 Nc2+ 54. Kf4 Nxb4 55. a3 Nc2 0-1

[Event "Elit(Limhamn-Manhem)"]
[Site "?"]
[Date "2017.02.05"]
[Round "4"]
[White "Penalver, Osmani"]
[Black "Storme, Isak"]
[Result "1-0"]
[WhiteElo "2245"]
[BlackElo "2165"]
[PlyCount "63"]

1. d4 Nf6 2. c4 c5 3. d5 e6 4. f3 exd5 5. cxd5 d6 6. e4 g6 7. Ne2 Bg7 8. Bg5
O-O 9. Qd2 Nbd7 10. Nec3 a6 11. a4 Re8 12. Be2 Qc7 13. O-O h5 14. Na3 Nh7 15.
Bh4 Ne5 16. f4 Nd7 17. e5 dxe5 18. d6 Qc6 19. Nd5 Ndf6 20. Ne7+ Rxe7 21. dxe7
e4 22. Qd8+ Qe8 23. Qd6 Be6 24. Nc4 Nd5 25. Ne5 Ne3 26. f5 Nxf5 27. Rxf5 gxf5
28. Bxh5 Bf6 29. Bxf7+ Bxf7 30. Bxf6 Rc8 31. Ra3 Nxf6 32. Qxf6 1-0

[Event "Elit(Limhamn-Manhem)"]
[Site "?"]
[Date "2017.02.05"]
[Round "4"]
[White "Moberg, Karl Johan"]
[Black "Schneider, Stefan"]
[Result "1/2-1/2"]
[WhiteElo "2280"]
[BlackElo "2345"]
[PlyCount "56"]

1. d4 e6 2. c4 Bb4+ 3. Nc3 Nf6 4. e3 O-O 5. Nge2 d5 6. a3 Bd6 7. Ng3 c6 8. Bd2
Nbd7 9. Qc2 a6 10. cxd5 exd5 11. Bd3 Re8 12. O-O Nf8 13. f3 c5 14. Nce2 c4 15.
Bf5 b5 16. Bxc8 Rxc8 17. Nf5 Bb8 18. Rae1 Qb6 19. g4 Ne6 20. Kg2 Qc7 21. Nfg3
h5 22. gxh5 Nxh5 23. Rf2 g6 24. Kh1 Neg7 25. e4 Qd7 26. e5 Qh3 27. f4 Nxg3+ 28.
Nxg3 Rc6 1/2-1/2

[Event "Elit(Limhamn-Manhem)"]
[Site "?"]
[Date "2017.02.05"]
[Round "4"]
[White "Eklund, Joel"]
[Black "Berggren Torell, Harald"]
[Result "1/2-1/2"]
[WhiteElo "2215"]
[BlackElo "2132"]
[PlyCount "43"]

1. d4 e6 2. c4 f5 3. Nc3 Nf6 4. e3 g6 5. Bd3 Nc6 6. Nf3 Bg7 7. e4 fxe4 8. Nxe4
Nxe4 9. Bxe4 d5 10. Bg5 Qd7 11. Bd3 Nxd4 12. Nxd4 dxc4 13. Bxc4 Qxd4 14. Qxd4
Bxd4 15. O-O-O c5 16. Rhe1 O-O 17. f3 Kg7 18. Bxe6 Bxe6 19. Rxe6 Rac8 20. Rde1
Rc7 21. R1e4 Bf6 22. Bxf6+ 1/2-1/2

[Event "Elit(Team Viking-Rockaden,Umea)"]
[Site "?"]
[Date "2017.03.03"]
[Round "4"]
[White "Petrov, Marijan"]
[Black "Goganov, Aleksey"]
[Result "0-1"]
[WhiteElo "2484"]
[BlackElo "2639"]
[PlyCount "86"]
[SourceDate "2017.03.11"]

1. e4 e5 2. Nf3 Nc6 3. Bc4 Bc5 4. c3 Nf6 5. d4 exd4 6. cxd4 Bb4+ 7. Bd2 Nxe4 8.
Bxb4 Nxb4 9. Bxf7+ Kxf7 10. Qb3+ d5 11. Qxb4 Rf8 12. Nc3 Kg8 13. Nxe4 dxe4 14.
Ne5 Be6 15. O-O Qd6 16. Qc3 Rad8 17. Rfd1 Rf5 18. Qc2 Rdf8 19. Rd2 Bd5 20. Qc3
c6 21. b4 Rg5 22. Qe3 h6 23. Rb1 Qe6 24. a4 a5 25. h4 Rh5 26. bxa5 c5 27. Rb5
Rxh4 28. Rxc5 Rf5 29. Rdc2 Rfh5 30. Kf1 Rxe5 31. dxe5 Rh1+ 32. Ke2 Qg4+ 33. f3
Qxg2+ 34. Qf2 exf3+ 35. Kd3 Rd1+ 36. Kc3 Qg5 37. Rxd5 Rxd5 38. Qxf3 Qxe5+ 39.
Kb3 Qe6 40. Kb2 Rxa5 41. Qxb7 Rxa4 42. Rc7 Qa2+ 43. Kc1 Qa1+ 0-1

[Event "Elit(Team Viking-Rockaden,Umea)"]
[Site "?"]
[Date "2017.03.03"]
[Round "4"]
[White "Westerberg, Jonathan"]
[Black "Wickstrom, Lucas"]
[Result "0-1"]
[WhiteElo "2480"]
[BlackElo "2365"]
[PlyCount "88"]

1. e4 c5 2. Nf3 Nc6 3. Bb5 Nf6 4. Nc3 g6 5. Bxc6 dxc6 6. d3 Bg4 7. h3 Bxf3 8.
Qxf3 Bg7 9. O-O O-O 10. Bf4 Ne8 11. Qg3 b6 12. Rae1 Rc8 13. Qh4 Nc7 14. Bh6 e5
15. Qxd8 Rcxd8 16. Bxg7 Kxg7 17. f4 f6 18. Nd1 exf4 19. Rxf4 Ne6 20. Rf2 h5 21.
Ne3 b5 22. Ref1 Rd4 23. b3 Rd7 24. h4 Nd4 25. g4 hxg4 26. Nxg4 f5 27. Ne3 Re8
28. c3 fxe4 29. cxd4 exd3 30. Ng2 Rxd4 31. Rd2 c4 32. bxc4 bxc4 33. Rc1 Rde4
34. Kf2 Kf6 35. Kf3 Ke5 36. Rb2 Kd4 37. Nf4 Re3+ 38. Kg4 c5 39. Rb7 R3e7 40.
Rxe7 Rxe7 41. Nxg6 d2 42. Rd1 Re4+ 43. Kf5 c3 44. h5 Re1 0-1